LEADER 00797nam0-22003011i-450- 001 990002028150403321 005 20021010 035 $a000202815 035 $aFED01000202815 035 $a(Aleph)000202815FED01 035 $a000202815 100 $a20021010d--------km-y0itay50------ba 101 0 $aita 200 1 $a<>ape regina$eallevamento razionale.$fDiego Virgilio Pagnanelli 210 $aMilano$cUlrico Hoepli$d1950 215 $a275 p.$d19 cm 610 0 $aApicoltura 610 0 $aApe 676 $a595.799$a638 700 1$aPagnanelli,$bDiego Virgilio$086120 801 0$aIT$bUNINA$gRICA$2UNIMARC 901 $aBK 912 $a990002028150403321 952 $a61 XIV D.5/077$b1087$fDAGEN 959 $aDAGEN 996 $aApe regina$9404882 997 $aUNINA DB $aING01 LEADER 01002cam2-2200361---450 001 990001787030403321 005 20200728114053.0 010 $a88-7019-638-0 035 $a000178703 035 $aFED01000178703 035 $a(Aleph)000178703FED01 035 $a000178703 100 $a20030910d1993----km-y0itay50------ba 101 0 $aita 102 $aIT 105 $aa 001yy 200 1 $aColeoptera - Nitidulidae - Kateretidae$fPaolo Audisio 210 $aBologna$cCalderini$d1993 215 $aXVI, 971 p.$cill.$d24 cm 461 0$1001000164472$12001$aFauna d'Italia$v32 610 0 $aColeoptera 676 $a595.76 676 $a591.945$v23$zita 700 1$aAudisio,$bPaolo$063421 801 0$aIT$bUNINA$gRICA$2UNIMARC 901 $aBK 912 $a990001787030403321 952 $a60 591.945 FAUITA (032)$b5091$fFAGBC 952 $a15 VI 1 (32$b1098$fDBV 959 $aFAGBC 959 $aDBV 996 $aColeoptera - Nitidulidae - Kateretidae$9407914 997 $aUNINA LEADER 01602nam 2200517 a 450 001 9910465280903321 005 20200520144314.0 010 $a1-61324-078-3 035 $a(CKB)2560000000071249 035 $a(EBL)3019555 035 $a(SSID)ssj0000468469 035 $a(PQKBManifestationID)12167767 035 $a(PQKBTitleCode)TC0000468469 035 $a(PQKBWorkID)10497964 035 $a(PQKB)11409001 035 $a(MiAaPQ)EBC3019555 035 $a(Au-PeEL)EBL3019555 035 $a(CaPaEBR)ebr10671120 035 $a(OCoLC)704275145 035 $a(EXLCZ)992560000000071249 100 $a20081020d2009 uy 0 101 0 $aeng 135 $aur|n|---||||| 181 $ctxt 182 $cc 183 $acr 200 14$aThe dipole-quadrupole theory of surface enhanced Raman scattering$b[electronic resource] /$fA.M. Polubotko 210 $aNew York $cNova Science Publishers$dc2009 215 $a1 online resource (146 p.) 300 $aDescription based upon print version of record. 311 $a1-60692-579-2 320 $aIncludes bibliographical references (p. [129]-131) and index. 606 $aRaman effect, Surface enhanced 606 $aQuadrupoles 608 $aElectronic books. 615 0$aRaman effect, Surface enhanced. 615 0$aQuadrupoles. 676 $a535.8/46 700 $aPolubotko$b A. M$0921553 801 0$bMiAaPQ 801 1$bMiAaPQ 801 2$bMiAaPQ 906 $aBOOK 912 $a9910465280903321 996 $aThe dipole-quadrupole theory of surface enhanced Raman scattering$92067248 997 $aUNINA